00321pab a2200121 454500008004000000100002000040245007600060260000900136300001200145650001200157650001100169773001900180180718b2013 xxu||||| |||| 00| 0 eng d aKernaghan, Paul aPolice direct entry and the search for talent: A historical perspective c2013 ap.7-14. aTalents aPolice aPolice Journal